La canción del verdugo / (Registro nro. 11754)
[ vista simple ]
| 000 -CABECERA | |
|---|---|
| Longitud fija campo de control | 00715nam a2200229 c 4500 |
| 003 - • IDENTIFICADOR DELl NÚMERO DE CONTROL | |
| Identificador del número de control | CO-ViMGA |
| 005 - • FECHA Y HORA DE LA ÚLTIMA TRANSACCIÓN | |
| Fecha y hora de la última transacción | 20230915224412.0 |
| 008 - • CÓDIGOS DE INFORMACIÓN DE LONGITUD FIJA | |
| Códigos de información de longitud fija | 130308s2012 sp a | |||| 000 0 spa |
| 020 ## - • NÚMERO INTERNACIONAL NORMALIZADO PARA LIBROS | |
| Número Internacional Normalizado para Libros (ISBN) | 9788490242490 |
| 040 ## - FUENTE DE LA CATALOGACIÓN | |
| Centro catalogador de origen | CO-ViMGA |
| Lengua de catalogación | spa |
| Centro transcriptor | CO-ViMGA |
| 082 ## - • NÚMERO DE LA CLASIFICACIÓN DECIMAL DEWEY | |
| Número de clasificación (R) | 741.5 |
| Número del ítem | L61c |
| 245 03 - • TITULO PROPIAMENTE DICHO | |
| Título | La canción del verdugo / |
| Mención de responsabilidad, etc. | Scott Lobdell, Peter David, Fabian Nicieza ... [et al.] |
| 300 ## - • DESCRIPCIÓN FÍSICA | |
| Extensión | 295 p. |
| Otras características físicas | principalmente il. col. |
| Dimensiones | 27 cm. |
| 490 0# - • MENCIÓN DE SERIE | |
| Mención de serie | La Patrulla-X |
| 490 0# - • MENCIÓN DE SERIE | |
| Mención de serie | Marvel héroes |
| Designación de volumen o secuencia | 43 |
| 650 14 - • PUNTO DE ACCESO ADICIONAL DE MATERIA - TÉRMINO DE MATERIA | |
| Término de materia o nombre geográfico como elemento inicial | comics |
| 650 14 - • PUNTO DE ACCESO ADICIONAL DE MATERIA - TÉRMINO DE MATERIA | |
| Término de materia o nombre geográfico como elemento inicial | Tiras comica, historietas, etc. |
| 700 1# - • PUNTO DE ACCESO ADICIONAL - NOMBRE DE PERSONA | |
| Nombre de persona | Lobdell, Scott |
| 942 ## - ENTRADA DE ELEMENTOS AGREGADOS (KOHA) | |
| Fuente de clasificaión o esquema | Dewey Decimal Classification |
| Koha [por defecto] tipo de item | LIbro |
| Perdido | Fuente de clasificación o esquema | Estado Físico | Restricciones de uso | No para préstamo | Forma de adquisición | Localización permanente | Localización actual | Fecha adquisición | Préstamos totales | Signatura completa | Código de barras | Fecha última consulta | Fecha del precio de reemplazo | Tipo de item de Koha |
|---|---|---|---|---|---|---|---|---|---|---|---|---|---|---|
| Dewey Decimal Classification | Restricted Access | Sala General | Biblioteca Comunitaria - Villavicencio | Biblioteca Comunitaria - Villavicencio | 04/27/2017 | 741.5 L61c | 031895 | 03/04/2019 | 04/27/2017 | LIbro |